MAIN (Record no. 9479)

MARC details
000 -LEADER
fixed length control field 00494cam a2200193ua 4500
001 - CONTROL NUMBER
control field 10505
005 - DATE AND TIME OF LATEST TRANSACTION
control field 20260515114630.0
008 - FIXED-LENGTH DATA ELEMENTS--GENERAL INFORMATION
fixed length control field 190312n xxk |||gr||||Z||||||eng
020 ## - INTERNATIONAL STANDARD BOOK NUMBER
International Standard Book Number 9780415791540
040 ## - CATALOGING SOURCE
Transcribing agency MAIN
082 ## - DEWEY DECIMAL CLASSIFICATION NUMBER
Classification number 301
100 ## - MAIN ENTRY--PERSONAL NAME
Personal name T B Bottomore,
Relator term Author.
245 ## - TITLE STATEMENT
Title MAIN
Remainder of title a guide to problems and literature
250 ## - EDITION STATEMENT
Edition statement 1st/rep.
260 ## - PUBLICATION, DISTRIBUTION, ETC.
Place of publication, distribution, etc. New York:
Name of publisher, distributor, etc. routledge taylor & francis group,
Date of publication, distribution, etc. 2017.
300 ## - PHYSICAL DESCRIPTION
Extent 330p.
653 ## - INDEX TERM--UNCONTROLLED
Uncontrolled term Sociology & anthropology
942 ## - ADDED ENTRY ELEMENTS (KOHA)
Koha item type Books
Holdings
Withdrawn status Lost status Damaged status Not for loan Home library Current library Shelving location Date acquired Total checkouts Full call number Barcode Date last seen Copy number Price effective from Koha item type
        Naharkatiya College Library Naharkatiya College Library General stacks 09/19/2020   301 | BOT 26598 09/19/2020 1 09/19/2020 Books